<The> Africa - European Union strategic partnership investing in people, prosperity and peace
Uložené v:
| Korporativný autor: | |
|---|---|
| Médium: | Kniha |
| Jazyk: | English |
| Vydavateľské údaje: |
Luxembourg
Publications Office of the European Union
2014
|
| Predmet: | |
| Tagy: |
Žiadne tagy, Buďte prvý, kto otaguje tento záznam!
|
MARC
| LEADER | 00000nam a2200000 4500 | ||
|---|---|---|---|
| 001 | 0198287 | ||
| 005 | 20240318114112.4 | ||
| 020 | |a 978-92-824-4660-7 | ||
| 041 | 0 | |a eng | |
| 044 | |a LU | ||
| 245 | 1 | 0 | |a <The> Africa - European Union strategic partnership |b investing in people, prosperity and peace |
| 264 | 1 | |a Luxembourg |b Publications Office of the European Union |c 2014 | |
| 300 | |a 64 s. | ||
| 610 | 2 | 0 | |a spolupráca hospodárska medzinárodná |
| 610 | 2 | 0 | |a rozvoj hospodársky |
| 610 | 2 | 0 | |a chudoba |
| 610 | 2 | 0 | |a Afrika |
| 610 | 2 | 0 | |a Európska únia |
| 710 | 2 | |a Council of the European Union. General Secretariat | |